| 000 | 01102nja a2200217 a 4500 | ||
|---|---|---|---|
| 003 | BLK | ||
| 005 | 20240613093153.0 | ||
| 008 | 180414c bul|r|ner|||| 00| c0bul d | ||
| 010 | _aNOT00003437023 | ||
| 040 | _aBLK | ||
| 100 |
_aКръстев, Александър _cкомпозитор, цигулар, педагог, ръководител на Варненското музикално училище _d1879 - 1945 _gГеоргиев, Александър Кръстев; Кръстев, Александър Кръстев; Кръстев, Ал. _eпърви автор _9376500 |
||
| 245 | 1 | 0 |
_aШест канона _cАлександър Кръстев. |
| 257 | _aBGR | ||
| 380 | _a7 | ||
| 500 | _aГласът на животните ; Лека нощ ; Кукувица ; Куткудяк ; момиче, малък дяволе ; Пролет | ||
| 773 |
_0319164 _9672176 _aКръстев, Александър _tГодината в песни |
||
| 852 | _aЦб М ІІ 11784 | ||
| 942 |
_cNOT _n0 |
||
| 944 |
_aCR _c12.11.2014 _k30540 _lСевдалина Тодорова |
||
| 944 |
_aED _c27.03.2015 _kИрена_Линкова |
||
| 999 |
_c319187 _d319187 |
||